000 00724nam a22002057i 4500
999 _c23355
_d23355
003 AR-CdUCM
008 250812b20192019 pe||||| |||| 00| 0 spa d
040 _aMUNICIPALIDAD PROVINCIAL DEL CUSCO
_cBIBLIOTECA MUNICIPAL DEL CUSCO
041 _hspa
082 _a869.5 / R69C
_bR69C
100 _aRíos Zamalloa, Jorge
_92949
245 _aCritica de la literatura andina /
260 _bCusco :
_c2019
300 _a124 páginas. :
_c20x15 cm.
505 _aLas asimilaciones sociales y el ADN -- El jarawi -- El español y el keswasimi -- Vallejo producto nacional andino
650 _aADN --
_921680
650 _aEspañol y el Qheswa -- Indio -- Folcklore
_951335
942 _2ddc
_cLIBROS
945 _apbjr
_d12-08-2025